Double-faiblesse - Statistiques

Statistiques générales
  • Ce quiz a été pris 415 fois
  • Le résultat moyen est 15 sur 50
Statistiques - réponses
# % Correct
9 Racaillou|Gravalanch|Grolem|Onix|Rhinocorne|Rhinoféros|Embrylex|Ymphect|Rhinastoc
70%
8 Léviator|Démanta|Goélise|Bekipan|Babimanta|Couaneton|Lakmécygne|Nigosier
67%
6 Paras|Parasect|Cheniselle|Larveyette|Couverdure|Manternel
61%
10 Axoloto|Maraiste|Flobio|Laggron|Mega-Laggron|Barloche|Barbicha|Tritosor|Batracné|Crapustule
58%
7 Foretress|Cizayox|Mega-Cizayox|Cheniselle|Lançargot|Fermite|Genesect
57%
7 Dracaufeu|Mega-Dracaufeu Y|Sulfura|Ho-Oh|Braisillon|Flambusard|Plumeline
53%
4 Racaillou|Gravalanch|Grolem|Epine-de-Fer
52%
7 Galekid|Galegon|Galeking|Dinoclier|Bastiodon|Tarinorme|Ama-Ama
47%
14 Papilusion|Insécateur|Mega-Scarabrute|Coxy|Coxyclaque|Yanma|Charmillon|Maskadra| Ninjask|Papilord|Apitrini|Apireine|Yanmega|Prismillon
47%
8 Dracolosse|Altaria|Drattak|Mega-Drattak|Rayquaza|Mega-Rayquaza|Sonistrelle|Bruyverne
45%
3 Grindur|Noacier|Katagami
45%
4 Hoopa|Lunala|Necrozma|Sylveroy
44%
5 Caninos|Arcanin|Volcaropod|Wagomine|Monthracite
41%
4 Chamallot|Camérupt|Mega-Camérupt|Primo-Groudon
37%
7 Vibraninf|Libégon|Griknot|Carmache|Carchacrok|Mega-Carchacrok|Zygarde
36%
3 Blizzi|Blizzaroi|Mega-Blizzaroi
35%
4 Magneti|Magneton|Magnézone|Togedemaru
33%
4 Farfuret|Cradopaud|Coatox|Farfurex
32%
2 Artikodin|Cadoizo
30%
5 Solochi|Diamat|Trioxhydre|Engloutyran|Rugit-Lune
30%
5 Chapignon|Fragilady|Viridium|Blindépique|Archéduc
27%
1 Heatran
27%
3 Amagara|Dragmara|Séracrawl
26%
5 Doudouvet|Farfaduvet|Spododo|Lampignon|Tokotoro
26%
11 Amonita|Amonistar|Kabuto|Kabutops|Corayon|Relicanth|Carapagos|Mégapagos|Opermine| Golgopathe|Torgamord
25%
3 Scalpion|Scalproie|Scalpereur
25%
7 Granivol|Floravol|Cotovol|Tropius|Shaymin|Brindibou|Efflèche
24%
4 Pyronille|Pyrax|Grillepattes|Scolocendre
24%
5 Rattata|Rattatac|Zigzaton|Linéon|Ixon
24%
3 Scorplane|Scorvol|Démétéros
24%
5 Noadkoko|Mega-Jungko|Verpom|Pomdrapi|Dratatin
23%
7 Pifeuil|Tengalice|Cacturne|Zarude|Miascarade|Fongus-Furie|Chongjian
23%
2 Sabelette|Sablaireau
23%
2 Tyranocif|Mega-Tyranocif
23%
2 Frissonille|Beldeneige
22%
5 Noeunoeuf|Noadkoko|Celebi|Sylveroy|Vert-de-Fer
22%
2 Sepiatop|Sepiatroce
22%
4 Baggiguane|Baggaïd|Pandarbare|Shifours
21%
5 Scarhino|Mega-Scarhino|Mouscoto|Cancrelove|Rampe-Ailes
21%
3 Ecaïd|Ekaiser|Koraidon
20%
3 Strassie|Diancie|Méga-Diancie
20%
3 Farfuret|Dimoret|Baojian
19%
1 Motisma
19%
3 Torterra|Terracool|Terracruel
17%
1 Feunard
16%
2 Vrombi|Vrombotor
16%
2 Toxizap|Salarsen
14%
3 Tritox|Malamandre|Mite-de-Fer
12%
1 Darumacho
8%
3 Zéroïd|Germéclat|Florécat
5%
Aucun quiz correspondant
Distribution des résultats
% des personnes avec chaque résultat
Percentile par nombre de réponses
Votre historique - résultats
Vous n’avez pas pris ce quiz